Estado y sociedad civil : patrón de emergencia y desarrollo del Estado argentino, 1810-1930 /

A partir del planteamiento que postula que diferencias estructurales en la constitución inicial del Estado pueden facilitar o dificultar un posterior desarrollo democrático, el autor trabaja la tesis de que el desarrollo capitalista promovido por la oligarquía de Buenos Aires generó en Argentina un...

Whakaahuatanga katoa

I tiakina i:
Ngā taipitopito rārangi puna kōrero
Ētahi atu kaituhi: Allub, Leopoldo (autor) (autor)
Hōputu: Pukapuka
Reo:Pāniora
I whakaputaina: México : El Colegio de México, Centro de Estudios Sociológicos, 1977, c1974
Putanga:2a edición
Rangatū:(Cuadernos del CES ; 6)
Ngā marau:
Ngā Tūtohu: Tāpirihia he Tūtohu
Kāore He Tūtohu, Me noho koe te mea tuatahi ki te tūtohu i tēnei pūkete!

MARC

LEADER 00000nam^a2200000^a^4500
001 000000975
005 20250521000000.0
009 20260310083048.585
037 |a Acervo ITESO - Biblioteca 
041 |a ESP 
082 |a 300.  |b CES V. 6 
240 1 1 |a [Cuadernos del CES] 
240 1 1 |a [Estado y sociedad civil: patrón de emergencia y desarrollo del Estado argentino] 
245 0 0 |a Estado y sociedad civil :  |b patrón de emergencia y desarrollo del Estado argentino, 1810-1930 /  |c L. Allub. 
250 |a 2a edición 
264 4 |a México :  |b El Colegio de México, Centro de Estudios Sociológicos,  |c 1977, c1974 
300 |a 40 p. 
336 |a texto  |b txt  |2 rdacontenido 
337 |a sin mediación  |b n  |2 rdamedio 
338 |a volumen  |b nc  |2 rdasoporte 
440 1 |a (Cuadernos del CES ;  |v 6) 
520 |a A partir del planteamiento que postula que diferencias estructurales en la constitución inicial del Estado pueden facilitar o dificultar un posterior desarrollo democrático, el autor trabaja la tesis de que el desarrollo capitalista promovido por la oligarquía de Buenos Aires generó en Argentina un Estado muy controlado por los intereses terratenientes, inhibió la emergencia de fuentes de poder autónomas y restó bases para el desarrollo de una política pluralista. 
649 |a XX 
650 |a Oligarquía -  |z Argentina 
650 |a Hegemonía -  |z Argentina 
650 |a Sociedad Civil -  |z Argentina 
650 |a Desarrollo Político -  |z Argentina 
650 |a Estado, El -  |z Argentina 
650 |a Política -  |z Argentina -  |x Historia 
650 |a Argentina -  |x Historia -  |y 1860-1910 
650 |a Argentina -  |x Historia -  |y 1910-1946 
700 |a Allub, Leopoldo  |e (autor) 
910 |a Fondo General 
920 |a Impresos - Libros 
930 |a Colección General 
905 |a 101 
901 |a 0009750100  |b IT1  |c ACC  |i 000975  |u 20250521 
902 |a https://opac.biblio.iteso.mx/vufind/Record/000000975